| 000 | 00000nam 2200000za 4500 |
| 001 | 9.833127 |
| 003 | CaOODSP |
| 005 | 20221107150141 |
| 007 | cr ||||||||||| |
| 008 | 171205t20172016oncbd ob f000 0 eng d |
| 020 | |a978-0-660-07782-6 |
| 040 | |aCaOODSP|beng |
| 043 | |an-cn--- |
| 086 | 1 |aCW69-14/746-2017E-PDF |
| 100 | 1 |aGunn, Anne. |
| 245 | 10|aCOSEWIC assessment and status report on the caribou, Rangifer tarandus, barren-ground population, in Canada |h[electronic resource]. |
| 246 | 15|aCOSEWIC status report on the caribou, Rangifer tarandus, barren-ground population, in Canada |
| 260 | |aOttawa : |bCOSEWIC, Committee on the Status of Endangered Wildlife in Canada, |c[2017], c2016. |
| 300 | |axiii, 123 p. : |bcol. charts, col. maps |
| 500 | |aIssued also in French under title: Évaluation et rapport de situation du COSEPAC sur le caribou, Rangifer tarandus, population de la toundra, au Canada. |
| 500 | |aCover title. |
| 500 | |a"Threatened, 2016." |
| 500 | |aStatus report written by: Anne Gunn, Kim Poole, and Don Russell. Edited by: Justina Ray. Cf. Production note. |
| 504 | |aIncludes bibliographical references (p. 86-114). |
| 692 | 07|2gccst|aEndangered species |
| 692 | 07|2gccst|aMammals |
| 692 | 07|2gccst|aNature conservation |
| 700 | 1 |aPoole, Kim Gordon,|d1957- |
| 700 | 1 |aRussell, Donald Edmund,|d1947- |
| 710 | 2 |aCommittee on the Status of Endangered Wildlife in Canada. |
| 710 | 1 |aCanada. |bEnvironment and Climate Change Canada. |
| 775 | 08|tÉvaluation et rapport de situation du COSEPAC sur le caribou, Rangifer tarandus, population de la toundra, au Canada |w(CaOODSP)9.833128 |
| 856 | 40|qPDF|s5.56 MB|uhttps://publications.gc.ca/collections/collection_2017/eccc/CW69-14-746-2017-eng.pdf |